|
|
|
|
| LEADER |
00000naa2a2200000 4500 |
| 001 |
627106 |
| 005 |
20231101133438.0 |
| 035 |
|
|
|a (RuTPU)RU\TPU\conf\26805
|
| 035 |
|
|
|a RU\TPU\conf\26794
|
| 090 |
|
|
|a 627106
|
| 100 |
|
|
|a 20180815d2018 k y0rusy50 ca
|
| 101 |
0 |
|
|a rus
|
| 102 |
|
|
|a RU
|
| 105 |
|
|
|a y z 101zy
|
| 135 |
|
|
|a drgn ---uucaa
|
| 181 |
|
0 |
|a i
|
| 182 |
|
0 |
|a b
|
| 200 |
1 |
|
|a Микродуговое оксидирование в присутствии растворов полимеров. In vitro оценка влияния модификации поверхности имлантата на иммунный ответ организма человека
|f A. A. Ракина
|g науч. рук. Е. Г. Чурина
|
| 203 |
|
|
|a Текст
|c электронный
|
| 225 |
1 |
|
|a Химическая технология полимерных материалов
|
| 230 |
|
|
|a 1 компьютерный файл (pdf; 728 Kb)
|
| 300 |
|
|
|a Заглавие с экрана
|
| 320 |
|
|
|a [Библиогр.: с. 541 (2 назв.)]
|
| 463 |
|
0 |
|0 (RuTPU)RU\TPU\conf\26227
|t Химия и химическая технология в XXI веке
|o материалы XIX Международной научно-практической конференции студентов и молодых ученых имени профессора Л. П. Кулёва, 21-24 мая 2018 г., г. Томск
|f Национальный исследовательский Томский политехнический университет
|v [С. 540-541]
|d 2018
|
| 610 |
1 |
|
|a электронный ресурс
|
| 610 |
1 |
|
|a микродуговое оксидирование
|
| 610 |
1 |
|
|a растворы
|
| 610 |
1 |
|
|a полимеры
|
| 610 |
1 |
|
|a модификация
|
| 610 |
1 |
|
|a поверхности
|
| 610 |
1 |
|
|a имплантанты
|
| 610 |
1 |
|
|a организм человека
|
| 610 |
1 |
|
|a имунная система
|
| 700 |
|
1 |
|a Ракина
|b A. A.
|
| 702 |
|
1 |
|a Чурина
|b Е. Г.
|4 727
|
| 712 |
0 |
2 |
|a Национальный исследовательский Томский государственный университет (ТГУ)
|c (2009- )
|2 stltpush
|3 (RuTPU)RU\TPU\col\17230
|
| 712 |
0 |
2 |
|a Сибирский государственный медицинский университет (СибГМУ)
|c (Томск)
|c (1992- )
|2 stltpush
|3 (RuTPU)RU\TPU\col\1642
|
| 801 |
|
2 |
|a RU
|b 63413507
|c 20180821
|g RCR
|
| 856 |
4 |
|
|u http://earchive.tpu.ru/handle/11683/49970
|
| 942 |
|
|
|c BK
|